000 01053nam a2200289 a 4500
001 6670
003 BD-RjUL
005 20211208234305.0
008 110114s1945 nyu 000 0 eng d
035 _a(BD-RjUL)6711
040 _aBD-RjUL
_beng
_cBD-RjUL
041 0 _aeng
_ager
082 _a517.55
_bJAT 1945
100 1 _aJahnke, E.
_q(Eugen),
_d1863-1921.
_920963
245 1 0 _aTables of functions with formulae and curves :
_bFunktionentafeln mit Formeln und Kurven /
_cby Eugene Jahnke and Fritz Emde.
246 3 1 _aFunktionentafeln mit Formeln und Kurven
250 _a4th ed., enl. rev. ed.
260 _aNew York :
_bDover ;
_aLondon :
_bConstable,
_c1945.
300 _a306, 76 p. ;
_c23 cm.
500 _aGerman or English.
500 _a"Published and distributed in the public interest by authority of the alien property custodian under license no. A-57."
504 _aIncludes bibliographies.
650 0 _aFunctions.
_920964
650 0 _aMathematics
_vTables.
_920965
700 1 _aEmde, Fritz,
_d1873-1951
_920966
942 _2ddc
_cBK
999 _c6670
_d6670